000 00263nam a2200109Ia 4500
008 220204s9999 xx 000 0 und d
082 _a301
_bPET
100 _aPeterson, W A
245 0 _aArt of living
260 _aNew York
_bSimon and Shcuster
_c1961
942 _cBK
999 _c32090
_d32090